'N' Countries by Length Quiz Stats

 Plays Quiz Updated Feb 19, 2016

Challenge
Share
Tweet
Embed
Score 0/6 Timer 01:00
17 Plays Today
Length Country/Countries % Correct
5Niger, Nepal, Nauru
97.9%
7Nigeria, Namibia
95.2%
10North Korea, New Zealand
80.2%
9Nicaragua
72.6%
6Norway
64.4%
11Netherlands
62%

You're not logged in!

Compare scores with friends on all Sporcle quizzes.
Join for Free
OR
Log In

You Might Also Like...

Show Comments

Extras

Top Quizzes Today


Score Distribution

Your Account Isn't Verified!

In order to create a playlist on Sporcle, you need to verify the email address you used during registration. Go to your Sporcle Settings to finish the process.

Report this User

Report this user for behavior that violates our Community Guidelines.

Details: